All Professional Hockey Teams to Their Home-State/Province - Statistics

General Stats
  • This quiz has been taken 28 times
  • The average score is 28 of 30
Answer Stats
Hockey Team 'States' % Correct
Los Angeles Kings California
100%
Colorado Avalanche Colorado
100%
Florida Panthers Florida
100%
Tampa Bay Lightning Florida
100%
New Jersey Devils New Jersey
100%
Buffalo Sabres New York
100%
New York Islands New York
100%
New York Rangers New York
100%
Dallas Stars Texas
100%
San Jose Sharks California
96%
Chicago Blackhawks Illinois
96%
Boston Bruins Massachusetts
96%
Detroit Red Wings Michigan
96%
Minnesota Wild Minnesota
96%
Vegas Golden Knights Nevada
96%
Carolina Hurricanes North Carolina
96%
Philadelphia Flyers Pennsylvania
96%
Arizona Coyotes Arizona
92%
Anaheim Ducks California
92%
St. Louis Blues Missouri
92%
Columbus Blue Jackets Ohio
92%
Pittsburgh Penguins Pennsylvania
92%
Ottawa Senators Ontario
88%
Toronto Maple Leafs Ontario
88%
Montreal Canadiens Quebec
88%
Nashville Predators Tennessee
88%
Calgary Flames Alberta
83%
Edmonton Oilers Alberta
83%
Vancouver Canucks British Columbia
83%
Winnipeg Jets Manitoba
79%
No matching quizzes found
Score Distribution
Percent of People with Each Score
Percentile by Number Answered
Your Score History
You have not taken this quiz